Bilecik Bilecik Bilecik Bilecik Bilecik

Ortaçağ'da iki yahudi seyyahın Tudela'lı Benjamin ve Ratisbon'lu Petachia İslam Dünyası gözlemleri/ (Record no. 48282)

MARC details
000 -BAŞLIK
Sabit Uzunluktaki Kontrol Alanı 01260nam a22003497a 4500
001 - KONTROL NUMARASI
Control Dosyası 0048441
003 - KONTROL NUMARASI KİMLİĞİ
Kontrol Alanı KOHA_MİRAKIL
005 - EN SON İŞLEM TARİHİ ve ZAMANI
Kontrol Alanı 20260207003618.0
007 - FİZİKSEL TANIM SABİT ALAN - GENEL BİLGİ
Sabit uzunluklu kontrol alanı ta
008 - SABİT UZUNLUKTAKİ VERİ ÖGELERİ - GENEL BİLGİ
Sabit Alan 150528b2013 tu a|||gr||||#||||0|tur |
020 ## - ISBN - ULUSLARARASI STANDART KİTAP NUMARASI
Isbn 9789755482279
040 ## - KATALOGLAMA KAYNAĞI
Özgün Kataloglama Kurumu TR-BiSEU
Kataloglama Dili tur
Çeviri Kurumu TR-BiSEU
Açıklama Kuralları rda
041 0# - DİL KODU
Metin ya da ses kaydının dil kodu tur
044 ## - YAYINLAYAN/ÜRETEN KURULUŞUN ÜLKE KODU
ISO country code tu
050 ## - SINIFLAMA ve YER NUMARASI
Sınıflama Numarası G370
Yer Numarası .B46 2013
100 0# - KİŞİ ADI
Yazar Adı (Kişi adı) Benjamin,Tudela.
245 1# - ESER ADI BİLDİRİMİ
Başlık Ortaçağ'da iki yahudi seyyahın Tudela'lı Benjamin ve Ratisbon'lu Petachia İslam Dünyası gözlemleri/
Sorumluluk Bildirimi Benjamin,Tudela ; Tudela Benjamin, Petachia Ratisbon ; çeviren Nuh Arslantaş..
250 ## - BASIM BİLDİRİMİ
Basım Bildirimi 2. Baskı
264 #1 - ÜRERİM, YAYIN, DAĞITIM ve TELİF BİLDİRİMİ
Yayın yeri İstanbul :
Yayınlayan M.Ü. İlahiyat Fakültesi Vakfı Yayınları
Yayın tarihi 2013
300 ## - FİZİKSEL TANIMLAMA
Sayfa, Cilt vb. XV, 187 sayfa :
Diğer fiziki detaylar resimli ;
Boyutları 21 cm.
336 ## - İÇERİK TÜRÜ
Content type term metin
Content type code txt
Source rdacontent
337 ## - MEDYA TÜRÜ
Media type term aracısız
Media type code n
Source rdamedia
338 ## - TAŞIYICI TÜRÜ
Carrier type term cilt
Carrier type code nc
Source rdacarrier
490 1# - DİZİ BİLDİRİMİ
Dizi Bildirimi M.Ü.
490 1# - DİZİ BİLDİRİMİ
Dizi Bildirimi İlahiyat Fakültesi Vakfı yayınları nu ;
Cilt Numarası 221
650 #0 - KONU BAŞLIĞI EK GİRİŞ - KONU TERİMİ
Konusal terim veya coğrafi ad Jews--Politics and social conditions.
9 (RLIN) 88941
650 #0 - KONU BAŞLIĞI EK GİRİŞ - KONU TERİMİ
Konusal terim veya coğrafi ad Asia--Description and travel.
9 (RLIN) 24365
650 #0 - KONU BAŞLIĞI EK GİRİŞ - KONU TERİMİ
Konusal terim veya coğrafi ad Africa, North--Description and travel.
9 (RLIN) 88942
830 1# - SERİ EK GİRİŞİ - TEKBİÇİM ESER ADI
Tekbiçim Başlık M.Ü.
9 (RLIN) 19526
830 1# - SERİ EK GİRİŞİ - TEKBİÇİM ESER ADI
Tekbiçim Başlık İlahiyat Fakültesi Vakfı yayınları nu ;
Volume number/sequential designation 221
9 (RLIN) 88758
942 ## - EK GİRİŞ ÖGELERİ (KOHA)
Source of classification or shelving scheme Library of Congress Classification
Koha item type Book
Holdings
Materyal Türü Kalıcı Konum Mevcut Konum Raf Yeri Sınıflandırma Kaynağı Edinim Bilgisi Ana Konular Alt Konular Yer Numarası Demirbaş Numarası Fatura Tarihi Geri Çekilme Durumu Kayıp Durumu Hasarlı Durumu Kredi için değil Kayıt Tarih Toplam Ödünçverme Son Görülme Tarihi Son Kontrol Tarihi Genel / Bağış Notu
Book Prof. Dr. Azmi Özcan Kütüphanesi Prof. Dr. Azmi Özcan Kütüphanesi Uluğbey Salonu Library of Congress Classification Bağış COĞRAFYA, ANTROPOLOJİ, REKREASYON Coğrafya (Genel), Atlaslar, Haritalar G370 .B46 2013 0048441 02/02/2026         28/05/2015   05/12/2024 05/12/2024 Salahi Çiloğlu